Kontrolovanie ako manažérska funkcia a jej postavenie medzi ostatnými funkciami manažmentu bakalárska práca

Guardado en:
Detalles Bibliográficos
Autor principal: Chovanec, Adam
Autor Corporativo: Fakulta podnikového manažmentu EU. Katedra manažmentu
Otros Autores: Dědečková, Nina, 1994-
Formato: Libro
Lenguaje:eslovaco
Publicado: Bratislava 2023
Etiquetas: Agregar Etiqueta
Sin Etiquetas, Sea el primero en etiquetar este registro!

MARC

LEADER 00000nbm a2200000 4500
001 0293294
005 20240220100946.7
041 0 |a slo 
044 |a SK 
245 1 0 |a Kontrolovanie ako manažérska funkcia a jej postavenie medzi ostatnými funkciami manažmentu  |b bakalárska práca  |c Adam Chovanec ; školiteľ: Nina Dědečková 
264 1 |a Bratislava  |c 2023 
300 |a 53 s. 
100 1 |a Chovanec, Adam 
700 1 |a Dědečková, Nina, 1994- 
710 2 |a Fakulta podnikového manažmentu EU. Katedra manažmentu